| Tag |
First Indicator |
Second Indicator |
Subfields |
| LEADER |
00000cam a2200000 a 4500 |
| 001 |
in00001416607 |
| 005 |
20151020071511.0 |
| 008 |
970507s1998 dcuk b 001 0 eng |
| 010 |
|
|
|a 97020520
|
| 015 |
|
|
|a GB97-75772
|
| 019 |
|
|
|a 38068569
|
| 020 |
|
|
|a 1560325666 (pbk. : alk. paper)
|
| 035 |
|
|
|a (OCoLC)37180831
|
| 035 |
|
|
|9 AHQ1272AM
|
| 040 |
|
|
|a DLC
|c DLC
|d C#P
|d UKM
|d TXA
|d UtOrBLW
|
| 043 |
|
|
|a n-us---
|
| 049 |
|
|
|a TXAM
|
| 050 |
0 |
0 |
|a LC192.6
|b .B49 1998
|
| 082 |
0 |
0 |
|a 378.1/2/0683
|2 21
|
| 100 |
1 |
|
|a Besner, Hilda F.
|
| 245 |
1 |
0 |
|a Training for professionals who work with gay and lesbians in educational and workplace settings /
|c Hilda F. Besner, Charlotte I. Spungin.
|
| 264 |
|
1 |
|a Washington, DC :
|b Accelerated Development,
|c [1998]
|
| 264 |
|
4 |
|c ©1998
|
| 300 |
|
|
|a xxx, 242 pages :
|b forms ;
|c 23 cm.
|
| 336 |
|
|
|a text
|b txt
|2 rdacontent
|
| 337 |
|
|
|a unmediated
|b n
|2 rdamedia
|
| 338 |
|
|
|a volume
|b nc
|2 rdacarrier
|
| 504 |
|
|
|a Includes bibliographical references (pages 201-222) and index.
|
| 650 |
|
0 |
|a Homosexuality and education
|z United States.
|
| 650 |
|
0 |
|a Homosexuality in the workplace
|z United States.
|
| 650 |
|
0 |
|a Teachers
|x Training of
|z United States.
|
| 650 |
|
0 |
|a Employee training personnel
|x Training of
|z United States.
|
| 650 |
|
0 |
|a Gay and lesbian studies
|z United States.
|
| 650 |
|
0 |
|a Activity programs in education
|z United States.
|
| 700 |
1 |
|
|a Spungin, Charlotte I.
|
| 948 |
|
|
|a c:jal
|
| 999 |
|
|
|a MARS
|
| 999 |
f |
f |
|s 860abe8f-971b-3d34-ac5b-0360fb49f85e
|i 90e51bcb-0e95-3b39-93ea-9c458f102f29
|t 0
|
| 952 |
f |
f |
|p normal
|a Texas A&M University
|b College Station
|c Sterling C. Evans Library
|d Evans: Library Stacks
|t 0
|e LC192.6 .B49 1998
|h Library of Congress classification
|i unmediated -- volume
|m A14823306375
|
| 998 |
f |
f |
|a LC192.6 .B49 1998
|t 0
|l Evans: Library Stacks
|